[Event "Bornholms Sommer B2"]
[Site "Ronne"]
[Date "2011.07.10"]
[Round "4"]
[White "Vestergaard, Svend"]
[Black "Pedersen, Anders"]
[Result "1/2-1/2"]
[WhiteElo "1632"]
[BlackElo "1571"]
[PlyCount "28"]
[EventDate "2011.07.08"]
[EventType "tourn"]
[EventRounds "5"]
[EventCountry "DEN"]
[SourceTitle "EXT 2023"]
[Source "ChessBase"]
[SourceDate "2022.10.05"]
[SourceVersion "1"]
[SourceVersionDate "2022.10.05"]
[SourceQuality "1"]

1. d4 Nf6 2. Nf3 c5 3. e3 e6 4. Bd3 a5 5. 0-0 Nc6 6. c3 Qc7 7. Qc2 cxd4 8. exd4 Bd6 9. h3 b5 10. Bg5 h6 11. Bxf6 gxf6 12. Nbd2 Bb7 13. Ne4 Ke7 14. Nxd6 Qxd6 1/2-1/2

[Event "Bornholms Sommer B2"]
[Site "Ronne"]
[Date "2011.07.09"]
[Round "2"]
[White "Seirup, Simon"]
[Black "Pedersen, Anders"]
[Result "1-0"]
[WhiteElo "1595"]
[BlackElo "1571"]
[PlyCount "77"]
[EventDate "2011.07.08"]
[EventType "tourn"]
[EventRounds "5"]
[EventCountry "DEN"]
[SourceTitle "EXT 2023"]
[Source "ChessBase"]
[SourceDate "2022.10.05"]
[SourceVersion "1"]
[SourceVersionDate "2022.10.05"]
[SourceQuality "1"]

1. d4 Nf6 2. c4 e6 3. Nc3 c5 4. d5 exd5 5. cxd5 d6 6. e4 Be7 7. f4 Nbd7 8. Nf3 Qc7 9. Bd3 0-0 10. 0-0 c4 11. Bc2 Qb6+ 12. Kh1 Ng4 13. Qe1 Bf6 14. h3 Bxc3 15. Qxc3 Ngf6 16. Qxc4 Qc5 17. Qd3 g6 18. Be3 Qa5 19. Bd4 Nc5 20. Bxc5 Qxc5 21. Rac1 Qb6 22. Qd4 Qxd4 23. Nxd4 Re8 24. Rce1 b6 25. Rf3 Nxd5 26. Ba4 b5 27. Bxb5 Re7 28. Bc6 Bb7 29. Bxb7 Rxb7 30. exd5 Rxb2 31. Rfe3 Rxa2 32. Re8+ Rxe8 33. Rxe8+ Kg7 34. Nb5 a5 35. Nxd6 a4 36. Re7 Ra1+ 37. Kh2 a3 38. Rxf7+ Kh6 39. Kg3 1-0

[Event "Bornholms Sommer B2"]
[Site "Ronne"]
[Date "2011.07.08"]
[Round "1"]
[White "Pedersen, Anders"]
[Black "Larsen, Hans Haagen"]
[Result "0-1"]
[WhiteElo "1571"]
[BlackElo "1607"]
[PlyCount "74"]
[EventDate "2011.07.08"]
[EventType "tourn"]
[EventRounds "5"]
[EventCountry "DEN"]
[SourceTitle "EXT 2023"]
[Source "ChessBase"]
[SourceDate "2022.10.05"]
[SourceVersion "1"]
[SourceVersionDate "2022.10.05"]
[SourceQuality "1"]

1. d4 g6 2. c4 Bg7 3. Nc3 d6 4. Nf3 Nc6 5. Bg5 Bd7 6. e3 f6 7. Bh4 e5 8. d5 Nce7 9. Bd3 f5 10. Nd2 Nf6 11. Bxf6 Bxf6 12. e4 0-0 13. exf5 gxf5 14. f3 Ng6 15. Qc2 Bg5 16. 0-0-0 Be3 17. Rde1 Qg5 18. Rhf1 Bd4 19. g4 Nf4 20. gxf5 Nxd3+ 21. Qxd3 Qxf5 22. Qxf5 Bxf5 23. Nb5 Bb6 24. c5 Bxc5 25. Nxc7 Rac8 26. Ne6 Bxe6 27. dxe6 Bf2+ 28. Kd1 Bxe1 29. Rxe1 Rfe8 30. Rg1+ Kf8 31. Ne4 Rxe6 32. Ng5 Rh6 33. Rg2 Ke7 34. Ne4 Rg6 35. Rxg6 hxg6 36. Kd2 Rh8 37. Kc3 Rxh2 0-1